Looking for Alaska (Record no. 27099)

000 -LEADER
fixed length control field 00329nam a2200133Ia 4500
008 - FIXED-LENGTH DATA ELEMENTS--GENERAL INFORMATION
fixed length control field 230801s9999||||xx |||||||||||||| ||und||
020 ## - INTERNATIONAL STANDARD BOOK NUMBER
International Standard Book Number 9780007523528
082 ## - DEWEY DECIMAL CLASSIFICATION NUMBER
Classification number 813.6
Item number G7951
100 ## - MAIN ENTRY--PERSONAL NAME
Personal name Green, John
245 #0 - TITLE STATEMENT
Title Looking for Alaska
260 ## - PUBLICATION, DISTRIBUTION, ETC.
Place of publication, distribution, etc. London
Name of publisher, distributor, etc. Harper Collins Publishers
Date of publication, distribution, etc. 2019
300 ## - PHYSICAL DESCRIPTION
Extent 272 p.
942 ## - ADDED ENTRY ELEMENTS (KOHA)
Koha item type Books
Holdings
Withdrawn status Lost status Damaged status Not for loan Permanent Location Current Location Date acquired Source of acquisition Total Checkouts Total Renewals Full call number Barcode Date last seen Date last checked out Price effective from Koha item type
        IMU Kolkata IMU Kolkata 2023-08-01 Gifted by Shailendra S Kathait (6049) 8 3 813.6 G7951 G01173 2026-02-20 2026-01-29 2023-08-01 Books
Designed and Maintained by IMU-KC Library, Kolkata Campus © Copyright All Rights Reserved

webs counters

Powered by Koha